000 01040nam a2200265 a 4500
008
020 _a0471961124
049 _aMAIN
090 _aHC79.E5
_bVAL
245 0 0 _aValuing the environment :
_beconomic approaches to environmental evaluation : proceedings of a workshop held at Ludgrove Hall, Middlesex Polytechnic, on 13 and 14 June 1990 /
_cedited by Annabel Coker and Cathy Richards.
260 _aChichester :
_bJohn Wiley & Sons,
_c1995.
300 _axiii, 183 p. :
_bill. ;
_c23 cm.
504 _aIncludes bibliographical references.
500 _aIncludes index.
650 0 _aEnvironmental policy
_xCosts
_vCongresses.
650 0 _aEnvironmental protection
_xCosts
_vCongresses.
700 1 _aCoker, Annabel.
700 1 _aRichards, Cathy.
711 _aWorkshop on valuing the environment
_d(1990 Jun. 13-14 :
_cMiddlesex Polytechnic).
907 _a.b10023963
_b20-04-12
_c17-04-03
003
005 20230123133141.0
040 _cNUST
942 _cBOOKS
_kHC79.E5
_mVAL
999 _c143609
_d143609